| 000 | 00758nam a2200229Ia 4500 | ||
|---|---|---|---|
| 003 | IN-BaIIA | ||
| 008 | 211028s9999 xx 000 0 eng d | ||
| 020 | _a0-12-368848-5 | ||
| 040 | _cIIA Library | ||
| 080 |
_a063:53 _bENF-48 |
||
| 245 | 0 |
_aPhysics of high energy density _bvol. 48 _cedited by P. Caldirola and H. Knoepfel |
|
| 260 |
_aNew York _bAcademic Press _c1971 |
||
| 300 | _axiv, 418p. | ||
| 490 | _aProceedings of the international school of physics "Enrico Fermi" | ||
| 650 | _aAstronomy and Astrophysics Thesaurus | ||
| 650 |
_aHigh Energy Astronomy _95353 |
||
| 650 |
_aHigh energy physics _92205 |
||
| 650 |
_aNuclear Astrophysics _92774 |
||
| 700 |
_aCaldirola, Piero., ed. _96935 |
||
| 700 |
_aKnoepfel, Heinz., ed. _96936 |
||
| 942 | _cBK | ||
| 999 |
_c3896 _d3896 |
||